[Event "40th Olympiad Open"]
[Site "Istanbul TUR"]
[Date "2012.09.01"]
[Round "5.12"]
[White "Avrukh, Boris"]
[Black "Wall, Gavin"]
[Result "1/2-1/2"]
[WhiteTitle "GM"]
[BlackTitle "IM"]
[WhiteElo "2605"]
[BlackElo "2338"]
[WhiteTeam "Israel"]
[BlackTeam "Ireland"]
[WhiteFideId "2803895"]
[BlackFideId "2501244"]
[EventDate "2012.08.28"]

1. c4 d6 2. Nc3 e5 3. g3 f5 4. Bg2 Nf6 5. e3 g6 6. Nge2 Bg7 7. O-O O-O 8. d3 c6
9. Rb1 Be6 10. f4 a5 11. b3 Na6 12. Kh1 Qd7 13. Qd2 Rad8 14. Bb2 Rfe8 15. Nd1 b6
16. Nf2 Bf7 17. Bc3 Nc5 18. Qb2 Qc7 19. Qd2 Re7 20. Rbe1 Rde8 21. Ng1 h6 22. Re2
a4 23. b4 Ncd7 24. Rc1 d5 25. fxe5 Nxe5 26. cxd5 Nxd5 27. Bb2 Qd6 28. a3 Bf6 29.
Qc2 Bg5 30. Rce1 Nc7 31. Qxa4 Nxd3 32. Nxd3 Qxd3 33. Qxc6 Nd5 34. Nf3 Bxe3 35.
Qc2 Qxc2 36. Rxc2 f4 37. Rd1 Nc7 38. Rc6 Kh7 39. Ne5 Bb3 40. Rd7 Rxd7 41. Nxd7
Nd5 42. Bf3 fxg3 43. hxg3 Bg5 44. Rd6 Re1+ 45. Kh2 Be7 46. Rc6 Rf1 47. Bg2 Rf2
48. Bd4 Rd2 49. Re6 Bg5 50. Re4 Bc2 51. Re8 Rxd4 52. Nf8+ Kg7 53. Ne6+ Kf7 54.
Nxd4 Kxe8 55. Nxc2 Ne3 1/2-1/2

[Event "40th Olympiad Open"]
[Site "Istanbul TUR"]
[Date "2012.09.01"]
[Round "5.13"]
[White "Barbosa, Oliver"]
[Black "Danielsen, Henrik"]
[Result "1-0"]
[WhiteTitle "GM"]
[BlackTitle "GM"]
[WhiteElo "2554"]
[BlackElo "2511"]
[WhiteTeam "Philippines"]
[BlackTeam "Iceland"]
[WhiteFideId "5201640"]
[BlackFideId "1400185"]
[EventDate "2012.08.28"]

1. d4 Nf6 2. c4 e6 3. Nf3 Bb4+ 4. Nbd2 b6 5. a3 Bxd2+ 6. Qxd2 Bb7 7. g3 d6 8.
Bg2 O-O 9. O-O Nbd7 10. b3 Be4 11. Bb2 Qb8 12. Rfd1 b5 13. c5 a5 14. Rac1 a4 15.
b4 h6 16. Bf1 Bd5 17. Nh4 Ne4 18. Qd3 f5 19. Ng6 Re8 20. f3 Ng5 21. Bg2 Nf6 22.
Re1 Bc4 23. Qb1 Kh7 24. Nf4 Qd8 25. h4 Nf7 26. d5 exd5 27. Qxf5+ Kg8 28. e4 dxe4
29. Bxf6 Qxf6 30. Qxf6 gxf6 31. Nh5 dxc5 32. Nxf6+ Kf8 33. Nxe8 Rxe8 34. bxc5 e3
35. f4 1-0

[Event "40th Olympiad Open"]
[Site "Istanbul TUR"]
[Date "2012.09.01"]
[Round "5.13"]
[White "Thorhallsson, Throstur"]
[Black "Torre, Eugenio"]
[Result "1/2-1/2"]
[WhiteTitle "GM"]
[BlackTitle "GM"]
[WhiteElo "2426"]
[BlackElo "2469"]
[WhiteTeam "Iceland"]
[BlackTeam "Philippines"]
[WhiteFideId "2300109"]
[BlackFideId "5200016"]
[EventDate "2012.08.28"]

1. e4 e5 2. Nf3 Nc6 3. d4 exd4 4. Nxd4 Bc5 5. Be3 Qf6 6. c3 Nge7 7. Bc4 b6 8.
O-O O-O 9. Nc2 Qg6 10. Bxc5 bxc5 11. Nd2 Rb8 12. b3 d6 13. Ne3 Be6 14. f4 Bxc4
15. f5 Qf6 16. Ndxc4 Qxc3 17. f6 gxf6 18. Qg4+ Kh8 19. Rac1 Qd4 20. Rcd1 f5 21.
Qh4 Qg7 22. Nxf5 Nxf5 23. Rxf5 Rg8 24. g3 Rbe8 25. Ne3 Nd4 26. Rf2 Qg5 27. Qxg5
Rxg5 28. Rxf7 Rxe4 29. Ng2 Ne6 30. Re7 Rg7 31. Re8+ Rg8 32. Re7 Rg7 33. Re8+ Rg8
34. Re7 1/2-1/2

[Event "40th Olympiad Open"]
[Site "Istanbul TUR"]
[Date "2012.09.01"]
[Round "5.13"]
[White "Paragua, Mark"]
[Black "Arngrimsson, Dagur"]
[Result "1-0"]
[WhiteTitle "GM"]
[BlackTitle "IM"]
[WhiteElo "2508"]
[BlackElo "2375"]
[WhiteTeam "Philippines"]
[BlackTeam "Iceland"]
[WhiteFideId "5201241"]
[BlackFideId "2301288"]
[EventDate "2012.08.28"]

1. d4 d5 2. c4 c6 3. Nf3 Nf6 4. Qb3 dxc4 5. Qxc4 Bf5 6. g3 e6 7. Bg2 Nbd7 8. O-O
Be7 9. Nc3 O-O 10. Re1 Ne4 11. Qb3 Qb6 12. Nh4 Qxb3 13. axb3 Bb4 14. Nxf5 exf5
15. Bxe4 fxe4 16. Bd2 Rfe8 17. Nxe4 Rxe4 18. Bxb4 Rxd4 19. Bc3 Rd6 20. Rad1 Rxd1
21. Rxd1 Nc5 22. b4 Na4 23. Bd4 Rd8 24. e3 Nxb2 25. Ra1 Nd3 26. Rxa7 Nxb4 27.
Rxb7 Nd5 28. Kf1 Rc8 29. e4 Nc7 30. f4 Ne6 31. Be3 h6 32. Ke2 Ra8 33. Ba7 Rd8
34. Ke3 Rd1 35. f5 Nd8 36. Rb8 Kh7 37. e5 g6 38. Bb6 Rb1 39. Rxd8 Rxb6 40. e6
fxe6 41. f6 Rb7 42. Ke4 Rb1 43. Ke5 Rf1 44. Kxe6 Re1+ 45. Kd7 Rf1 46. Ke7 Re1+
47. Kf8 g5 48. f7 1-0

[Event "40th Olympiad Open"]
[Site "Istanbul TUR"]
[Date "2012.09.01"]
[Round "5.14"]
[White "Leitao, Rafael"]
[Black "Georgiev, Vladimir"]
[Result "1-0"]
[WhiteTitle "GM"]
[BlackTitle "GM"]
[WhiteElo "2623"]
[BlackElo "2566"]
[WhiteTeam "Brazil"]
[BlackTeam "FYROM"]
[WhiteFideId "2101246"]
[BlackFideId "2903024"]
[EventDate "2012.08.28"]

1. d4 d5 2. c4 dxc4 3. Nf3 Nf6 4. e3 b5 5. a4 b4 6. Bxc4 e6 7. O-O Be7 8. Nbd2
Bb7 9. Nb3 O-O 10. a5 Nbd7 11. a6 Bxf3 12. Qxf3 c5 13. Bd2 Nb6 14. Rfc1 Rc8 15.
Bb5 cxd4 16. Nxd4 e5 17. Nb3 e4 18. Qe2 Qd5 19. Nd4 Bd6 20. g3 Rc5 21. Bc6 Qg5
22. Rxc5 Bxc5 23. Ra5 h6 24. Bxb4 Bxb4 25. Rxg5 hxg5 26. Qb5 Be7 27. Qxg5 Nfd5
28. Qf5 Rd8 29. Qxe4 Bf6 30. Bxd5 Rxd5 31. Qe8+ 1-0

[Event "40th Olympiad Open"]
[Site "Istanbul TUR"]
[Date "2012.09.01"]
[Round "5.14"]
[White "Nedev, Trajko"]
[Black "Vescovi, Giovanni"]
[Result "1/2-1/2"]
[WhiteTitle "GM"]
[BlackTitle "GM"]
[WhiteElo "2494"]
[BlackElo "2617"]
[WhiteTeam "FYROM"]
[BlackTeam "Brazil"]
[WhiteFideId "15000605"]
[BlackFideId "2100789"]
[EventDate "2012.08.28"]

1. e4 e6 2. d4 d5 3. Nd2 Nf6 4. e5 Nfd7 5. Bd3 c5 6. c3 Nc6 7. Ngf3 g6 8. O-O
Bg7 9. Re1 O-O 10. Nf1 cxd4 11. cxd4 Qb6 12. Bc2 f6 13. exf6 Nxf6 14. Ba4 Bd7
15. Ng3 Rac8 16. Bxc6 bxc6 17. Ne5 c5 18. dxc5 Qxc5 19. Be3 Qd6 20. Bd4 a6 21.
a3 Bb5 22. a4 Be8 23. Nf3 Bd7 24. h3 Rc4 25. Ne5 Rb4 26. Bc3 Rb7 27. h4 Be8 28.
Qd2 Nd7 29. Ne4 Qc7 30. Nxd7 Bxc3 31. Qxc3 Qxc3 32. bxc3 Bxd7 33. Nc5 Rc7 34.
Nxd7 Rxd7 35. Rxe6 Rc8 36. Rxa6 Rxc3 37. Ra8+ Kg7 38. a5 d4 39. a6 Rcc7 40. Rb8
d3 41. Rbb1 d2 42. Rd1 Ra7 43. Ra2 h5 44. Rdxd2 Rxd2 45. Rxd2 Rxa6 46. g3 Kf6
47. Kg2 Rb6 48. Kf3 Ra6 49. Ke4 Ke6 50. f3 Kf6 51. Rd4 Ke6 52. g4 hxg4 53. fxg4
Ra5 54. Rb4 Kf6 55. Rb6+ Kg7 56. Rb7+ Kf6 57. g5+ Ke6 58. Rb6+ Kf7 59. Rf6+ Kg7
60. Rd6 Kf7 61. Rd4 Ke6 62. Rb4 Kf7 63. Rb6 Ra4+ 64. Ke5 Rxh4 65. Rb7+ Kg8 66.
Kf6 Ra4 1/2-1/2

[Event "40th Olympiad Open"]
[Site "Istanbul TUR"]
[Date "2012.09.01"]
[Round "5.14"]
[White "Fier, Alexandr"]
[Black "Bogdanovski, Vlatko"]
[Result "0-1"]
[WhiteTitle "GM"]
[BlackTitle "GM"]
[WhiteElo "2582"]
[BlackElo "2448"]
[WhiteTeam "Brazil"]
[BlackTeam "FYROM"]
[WhiteFideId "2107139"]
[BlackFideId "15000206"]
[EventDate "2012.08.28"]

1. e4 Nf6 2. e5 Nd5 3. d4 d6 4. Nf3 dxe5 5. Nxe5 c6 6. Bc4 Nd7 7. Nd3 N7f6 8. c3
Bf5 9. Qe2 e6 10. Nd2 Bd6 11. Nf3 O-O 12. O-O Qc7 13. Bb3 h6 14. h3 Rfd8 15.
Nfe5 c5 16. dxc5 Bxc5 17. Nxc5 Qxc5 18. Ng4 Nxg4 19. hxg4 Bg6 20. Qe5 Qc6 21.
Rd1 a6 22. Bd2 b5 23. Rac1 Nb6 24. g5 hxg5 25. Bxg5 Rxd1+ 26. Rxd1 Nc4 27. Bxc4
bxc4 28. Qg3 Re8 29. b4 e5 30. Ra1 Bc2 31. Re1 f6 32. Be3 Kf7 33. f3 Rh8 34. Qf2
Bd3 35. Bd2 Re8 36. Qa7+ Re7 37. Qe3 Rd7 38. f4 Re7 39. Qg3 Be4 40. Re2 Qd5 41.
a4 Bd3 42. Rf2 exf4 43. Qxf4 Qh5 44. Rf3 Be4 45. Re3 Qd5 46. Re2 Re5 47. Qe3 Re6
48. Qa7+ Kg6 49. Qf2 Qd7 50. Qg3+ Kf7 51. Qg4 Qd3 52. Rf2 Bd5 53. Qh5+ Kg8 54.
Bf4 Bc6 55. Rd2 Qe4 56. a5 Re8 57. Qg4 g5 58. Rf2 Rd8 59. Rf3 Qe1+ 60. Rf1 Qe4
61. Rf3 Rd1+ 62. Kh2 Rd7 63. Kg1 Qe2 64. Rg3 Qe1+ 65. Kh2 Rh7+ 66. Rh3 Bd7 67.
Qg3 Qxg3+ 68. Bxg3 Bxh3 69. gxh3 Rd7 0-1

[Event "40th Olympiad Open"]
[Site "Istanbul TUR"]
[Date "2012.09.01"]
[Round "5.14"]
[White "Pancevski, Filip"]
[Black "Milos, Gilberto"]
[Result "1/2-1/2"]
[WhiteTitle "IM"]
[BlackTitle "GM"]
[WhiteElo "2461"]
[BlackElo "2593"]
[WhiteTeam "FYROM"]
[BlackTeam "Brazil"]
[WhiteFideId "15002187"]
[BlackFideId "2100029"]
[EventDate "2012.08.28"]

1. e4 d6 2. d4 Nf6 3. Nc3 g6 4. Bg5 Bg7 5. f4 h6 6. Bh4 c5 7. d5 Qb6 8. Rb1 g5
9. fxg5 Nxe4 10. Bb5+ Nd7 11. gxh6 Rxh6 12. Qg4 Nxc3 13. bxc3 Kf8 14. Bxe7+ Kg8
15. Qd1 Ne5 16. Nf3 c4 17. Nd4 a6 18. Bd7 Qc5 19. Bxc8 Rxc8 20. O-O Rg6 21. Bh4
b5 22. Bg3 Ng4 23. Rf3 Re8 24. Kh1 Bxd4 25. cxd4 Qxd5 26. c3 Nf6 27. Qc2 Ne4 28.
Bf4 Qf5 29. Qc1 d5 30. Qf1 Rge6 31. Rc1 Qg6 32. h3 f6 33. Kh2 Kf7 34. Re1 Ke7
35. a4 bxa4 36. Ra1 Kf7 37. Rxa4 Rb6 38. Ra2 Ree6 39. Ra5 Qh5 40. Qa1 Ng5 41.
Bxg5 Qxg5 42. Qa2 Re1 43. Qa4 Rb2 44. Qd7+ Kg6 45. Qg4 Qxg4 46. hxg4 Ree2 47.
Rg3 Rb5 48. Rxa6 Kg5 49. Rd6 Rd2 50. Rf3 Rbb2 51. Rxd5+ Kxg4 52. Rg3+ Kf4 53.
Rd6 f5 54. Rh6 Ke4 55. Re6+ Kf4 56. Rh6 Ke4 57. Re6+ Kf4 58. Re1 Rd3 59. Rf1+
Ke4 60. Re1+ Kf4 61. Rf1+ Ke4 62. Re1+ Kf4 63. Rf1+ 1/2-1/2

[Event "40th Olympiad Open"]
[Site "Istanbul TUR"]
[Date "2012.09.01"]
[Round "5.16"]
[White "Markus, Robert"]
[Black "Lenic, Luka"]
[Result "1/2-1/2"]
[WhiteTitle "GM"]
[BlackTitle "GM"]
[WhiteElo "2599"]
[BlackElo "2640"]
[WhiteTeam "Serbia"]
[BlackTeam "Slovenia"]
[WhiteFideId "921637"]
[BlackFideId "14603853"]
[EventDate "2012.08.28"]

1. d4 d5 2. c4 c6 3. Nc3 Nf6 4. cxd5 cxd5 5. Bf4 Nc6 6. e3 a6 7. Bd3 Bg4 8. Nge2
e6 9. O-O Bh5 10. Rc1 Be7 11. Bg3 O-O 12. f3 Bg6 13. Nf4 Bxd3 14. Nxd3 Nd7 15.
Na4 Rc8 16. Qe1 Qa5 17. Qxa5 Nxa5 18. b3 Ba3 19. Rc7 Rxc7 20. Bxc7 Nc6 21. Nb6
Nxb6 22. Bxb6 Rc8 23. Bc5 Bxc5 24. Nxc5 Rc7 25. Rc1 Nb8 26. Kf2 b6 27. Nd3 Rxc1
28. Nxc1 Nc6 29. Nd3 Kf8 30. g4 g5 31. h3 1/2-1/2

[Event "40th Olympiad Open"]
[Site "Istanbul TUR"]
[Date "2012.09.01"]
[Round "5.16"]
[White "Sedlak, Nikola"]
[Black "Borisek, Jure"]
[Result "1/2-1/2"]
[WhiteTitle "GM"]
[BlackTitle "GM"]
[WhiteElo "2549"]
[BlackElo "2554"]
[WhiteTeam "Serbia"]
[BlackTeam "Slovenia"]
[WhiteFideId "922900"]
[BlackFideId "14603152"]
[EventDate "2012.08.28"]

1. d4 d5 2. Bf4 c5 3. e3 Nc6 4. c3 Nf6 5. Nd2 Bf5 6. Ngf3 Qb6 7. Nh4 Bd7 8. Qb3
c4 9. Qc2 Nh5 10. Bg3 g6 11. e4 e6 12. Be2 Nxg3 13. hxg3 Qc7 14. Nf1 Ne7 15. e5
Nc6 16. Ne3 Be7 17. f4 b5 18. Nf3 b4 19. g4 Qa5 20. Kf2 Rb8 21. g5 Kd8 22. Nh2
h5 23. Nf3 Kc7 24. Nd2 bxc3 25. bxc3 Rhc8 26. Ndxc4 dxc4 27. Nxc4 Qd5 28. Ne3
Qa5 29. Nc4 Qd5 30. Ne3 Qa5 1/2-1/2

[Event "40th Olympiad Open"]
[Site "Istanbul TUR"]
[Date "2012.09.01"]
[Round "5.16"]
[White "Skoberne, Jure"]
[Black "Popovic, Dusan"]
[Result "1/2-1/2"]
[WhiteTitle "GM"]
[BlackTitle "GM"]
[WhiteElo "2552"]
[BlackElo "2579"]
[WhiteTeam "Slovenia"]
[BlackTeam "Serbia"]
[WhiteFideId "14604299"]
[BlackFideId "927031"]
[EventDate "2012.08.28"]

1. c4 g6 2. d4 Bg7 3. Nf3 Nf6 4. g3 O-O 5. Bg2 d6 6. O-O Nc6 7. Nc3 Bf5 8. Ne1
Bd7 9. e4 e5 10. d5 Nd4 11. Nd3 c6 12. dxc6 bxc6 13. h3 Be6 14. b3 Re8 15. Kh2
a5 16. Bd2 Nd7 17. Rc1 h5 18. f4 h4 19. Qe1 a4 20. Nxa4 hxg3+ 21. Kxg3 d5 22.
cxd5 cxd5 23. Kh2 dxe4 24. Bxe4 exf4 25. Bxa8 Bf5 26. Bg2 Bxd3 27. Ba5 Rxe1 28.
Bxd8 Re8 29. Bg5 Bxf1 30. Rxf1 f3 31. Bxf3 Re1 32. Rf2 Nxf3+ 33. Rxf3 Re2+ 34.
Kg3 Rxa2 1/2-1/2

[Event "40th Olympiad Open"]
[Site "Istanbul TUR"]
[Date "2012.09.01"]
[Round "5.17"]
[White "Nezad, Husein Aziz"]
[Black "Stojanovic, Dalibor"]
[Result "1/2-1/2"]
[WhiteTitle "IM"]
[BlackTitle "IM"]
[WhiteElo "2393"]
[BlackElo "2495"]
[WhiteTeam "Qatar"]
[BlackTeam "Bosnia & Herzegovina"]
[WhiteFideId "12100293"]
[BlackFideId "922692"]
[EventDate "2012.08.28"]

1. d4 Nf6 2. c4 g6 3. Nc3 Bg7 4. Bg5 d6 5. e3 Nbd7 6. Be2 e5 7. Nf3 O-O 8. Qc2
exd4 9. Nxd4 Nc5 10. O-O Ne6 11. Nxe6 fxe6 12. Rad1 Qe7 13. e4 h6 14. Be3 g5 15.
b4 a5 16. e5 Ne8 17. exd6 Nxd6 18. a3 axb4 19. axb4 b6 20. Nb5 Nf5 21. Qe4 Ra2
22. Nd4 Qf7 23. Bd3 c5 24. bxc5 bxc5 25. Nxf5 exf5 26. Qd5 Ra5 27. Be2 Be6 28.
Qd6 Bxc4 29. Bxc4 Qxc4 30. Rc1 Qf7 31. Rxc5 Rxc5 32. Bxc5 1/2-1/2

[Event "40th Olympiad Open"]
[Site "Istanbul TUR"]
[Date "2012.09.01"]
[Round "5.17"]
[White "Kadric, Denis"]
[Black "Al-Sulaiti, Ghanem"]
[Result "1-0"]
[WhiteTitle "IM"]
[BlackTitle "FM"]
[WhiteElo "2418"]
[BlackElo "2178"]
[WhiteTeam "Bosnia & Herzegovina"]
[BlackTeam "Qatar"]
[WhiteFideId "14403803"]
[BlackFideId "12100358"]
[EventDate "2012.08.28"]

1. e4 c5 2. Nf3 Nc6 3. d4 cxd4 4. Nxd4 Nf6 5. Nc3 e5 6. Ndb5 d6 7. Bg5 a6 8. Na3
b5 9. Nd5 Be7 10. Bxf6 Bxf6 11. c4 b4 12. Nc2 O-O 13. Ndxb4 Nxb4 14. Nxb4 Qb6
15. Qb3 Rb8 16. Nd5 Qa5+ 17. Qc3 Qxc3+ 18. bxc3 Rb2 19. h4 Bd8 20. Ne3 Ba5 21.
Nd1 Rb6 22. Kd2 Be6 23. Rc1 f5 24. exf5 Bxf5 25. Bd3 Be6 26. f3 d5 27. cxd5 Bxd5
28. Rc2 Rd6 29. Ke2 Rfd8 30. Nf2 Bf7 31. c4 Rd4 32. c5 e4 33. fxe4 Bh5+ 34. Ke3
Bf7 35. Rd1 Bc7 36. Be2 Rxd1 37. Nxd1 Bh2 38. Kf2 Bg6 39. Nc3 Be5 40. c6 Bd4+
41. Ke1 Be5 42. Bf3 Bg3+ 43. Ke2 Rd4 44. Nd1 Bc7 45. Ne3 Kf8 46. Rb2 Bxe4 47.
Rb7 Bf4 48. g3 Bxg3 49. Bxe4 Rxe4 50. Kf3 Re8 51. Nc4 Bh2 52. Ra7 Rc8 53. Rxa6
Ke7 54. Ke4 Ke6 55. a4 h5 56. a5 Bg1 57. c7+ Ke7 58. Nb6 Bxb6 59. axb6 Kd7 60.
b7 Re8+ 61. Kf5 Kxc7 62. Ra8 g6+ 63. Kf6 1-0

[Event "40th Olympiad Open"]
[Site "Istanbul TUR"]
[Date "2012.09.01"]
[Round "5.18"]
[White "Abdyjapar, Asyl"]
[Black "Godena, Michele"]
[Result "1/2-1/2"]
[WhiteTitle "FM"]
[BlackTitle "GM"]
[WhiteElo "2365"]
[BlackElo "2516"]
[WhiteTeam "Kyrgyzstan"]
[BlackTeam "Italy"]
[WhiteFideId "13800337"]
[BlackFideId "800090"]
[EventDate "2012.08.28"]

1. c4 e5 2. Nc3 d6 3. Nf3 f5 4. d3 Nf6 5. g3 Be7 6. Bg2 O-O 7. O-O Qe8 8. Bd2
Kh8 9. Nd5 Bd8 10. Nxf6 Bxf6 11. Bc3 c5 12. Nd2 Nc6 13. e3 Be6 14. f4 Rd8 15.
Qb3 Qd7 16. Bd5 exf4 17. gxf4 Bxc3 18. bxc3 Ne7 19. a4 b6 20. a5 b5 21. Bxe6
Qxe6 22. Rae1 Rb8 23. Qa2 d5 24. cxb5 Rxb5 25. c4 Rbb8 26. Qc2 Rbd8 27. Nf3 Nc6
28. cxd5 Qxd5 29. Rc1 Nb4 30. Qxc5 Nxd3 31. Qxf8+ Rxf8 32. Rfe1 1/2-1/2

[Event "40th Olympiad Open"]
[Site "Istanbul TUR"]
[Date "2012.09.01"]
[Round "5.18"]
[White "Brunello, Sabino"]
[Black "Takyrbashev, B."]
[Result "1-0"]
[WhiteTitle "GM"]
[WhiteElo "2586"]
[BlackElo "2195"]
[WhiteTeam "Italy"]
[BlackTeam "Kyrgyzstan"]
[WhiteFideId "813613"]
[BlackFideId "13800272"]
[EventDate "2012.08.28"]

1. c4 e5 2. g3 Nf6 3. Bg2 d5 4. cxd5 Nxd5 5. Nc3 Nb6 6. Nf3 Nc6 7. O-O Be7 8.
Rb1 Be6 9. b4 f6 10. b5 Nd4 11. e3 Nxf3+ 12. Qxf3 Bc4 13. Qxb7 Bxf1 14. Kxf1
Qd3+ 15. Ke1 Kf7 16. a4 Rhd8 17. Be4 Qc4 18. a5 Rab8 19. Qc6 Qxc6 20. bxc6 Na8
21. Rb7 a6 22. Nd5 Bd6 23. Bd3 Ke6 24. e4 Bc5 25. Bc2 Kd6 26. Ba4 f5 27. d3 fxe4
28. dxe4 Rf8 29. f4 Rbe8 30. f5 g6 31. f6 h5 32. h3 Rb8 33. Ke2 Bd4 34. Bh6 Nb6
35. axb6 cxb6 36. Rd7+ Kc5 37. c7 Rbc8 38. Bxf8+ Rxf8 39. Rd8 Rxd8 40. cxd8=Q b5 1-0

[Event "40th Olympiad Open"]
[Site "Istanbul TUR"]
[Date "2012.09.01"]
[Round "5.18"]
[White "Umarbekov, Aziz"]
[Black "Vocaturo, Daniele"]
[Result "0-1"]
[BlackTitle "GM"]
[WhiteElo "2245"]
[BlackElo "2542"]
[WhiteTeam "Kyrgyzstan"]
[BlackTeam "Italy"]
[WhiteFideId "13800248"]
[BlackFideId "813192"]
[EventDate "2012.08.28"]

1. e4 c5 2. c3 Nf6 3. e5 Nd5 4. Nf3 e6 5. Bc4 d6 6. d4 cxd4 7. cxd4 Nc6 8. O-O
Be7 9. Nc3 Nxc3 10. bxc3 dxe5 11. dxe5 Qxd1 12. Rxd1 Bd7 13. Rb1 Na5 14. Bd3 Rc8
15. Be3 b6 16. Nd4 Nc4 17. Bxc4 Rxc4 18. Ne2 Rc7 19. Rd4 O-O 20. h3 Rfc8 21. Rd2
Kf8 22. Bd4 Ke8 23. Ra1 Rc4 24. Ng3 Bc6 25. Nf1 Ra4 26. Ne3 Bg5 27. Rb2 Rd8 28.
Kf1 h5 29. Rc1 h4 30. Re1 Ke7 31. Ng4 Bd5 32. Ra1 Kf8 33. Ne3 Bb7 34. Kg1 Kg8
35. Nc2 Be7 36. Re1 Rd5 37. Ne3 Rda5 38. Ree2 f5 39. exf6 gxf6 40. Ng4 e5 41. f4
Ba6 42. Re1 Ba3 43. Nxf6+ Kg7 44. fxe5 Rxd4 45. Nh5+ Kh6 46. Rf2 Rd8 47. e6 Rxh5 0-1

[Event "40th Olympiad Open"]
[Site "Istanbul TUR"]
[Date "2012.09.01"]
[Round "5.19"]
[White "Amdouni, Zoubaier"]
[Black "Dzhumaev, Marat"]
[Result "0-1"]
[BlackTitle "GM"]
[WhiteElo "2305"]
[BlackElo "2499"]
[WhiteTeam "Tunisia"]
[BlackTeam "Uzbekistan"]
[WhiteFideId "5500419"]
[BlackFideId "14200236"]
[EventDate "2012.08.28"]

1. e4 g6 2. d4 d6 3. Nc3 c6 4. Be3 Nf6 5. Qd2 b5 6. f3 Nbd7 7. d5 cxd5 8. Nxd5
a6 9. a4 bxa4 10. Rxa4 Bg7 11. Nxf6+ Bxf6 12. Bd4 Bxd4 13. Qxd4 O-O 14. Ne2 Nc5
15. Ra1 e5 16. Qd2 Qb6 17. b3 f5 18. Nc3 fxe4 19. Nd5 Qd8 20. Bc4 Kg7 21. f4 Ne6
22. O-O Bb7 23. fxe5 dxe5 24. Rxf8 Qxf8 25. Qe3 Rd8 26. Rf1 Qc5 27. Qxc5 Nxc5
28. Ne3 Rd7 29. b4 Na4 30. Ng4 Nb2 31. Bb3 Rd1 32. Ne3 Rxf1+ 33. Kxf1 Bc6 34.
Ng4 Bb5+ 35. Kf2 Bc4 36. Bxc4 Nxc4 37. Ne3 Nd6 38. c4 Kf7 39. c5 Nb5 40. Nc4 Ke6
41. Ke3 Nd4 42. Kxe4 Nc6 43. g3 Nxb4 44. Nxe5 a5 45. Nc4 a4 46. Na3 Kd7 47. Kd4
Kc6 48. Nc4 Nc2+ 49. Kc3 Ne1 50. Kb4 Nd3+ 51. Kxa4 Kxc5 52. Kb3 Kd4 53. Nb6 Ne5
54. Kc2 Ke4 55. Kd2 Kf3 56. Nd5 Ng4 57. h3 Nf2 58. g4 Nxh3 59. Nf6 Ng5 60. Ke1
Kf4 61. Kf1 h6 62. Kg2 Ne4 63. Ng8 Kg5 64. Kf3 Nd2+ 65. Kg3 Nc4 66. Ne7 Ne5 67.
Kh3 Kf4 68. Nd5+ Kf3 69. Ne7 g5 70. Nf5 Nxg4 71. Nd4+ Ke4 72. Ne2 Nf6 73. Ng3+
Kf3 74. Nf5 h5 75. Kh2 g4 76. Kg1 g3 77. Nh4+ Kg4 78. Ng2 Nd5 79. Ne1 Nf4 80.
Kh1 h4 81. Kg1 h3 82. Kh1 Ne2 83. Nf3 g2+ 0-1

[Event "40th Olympiad Open"]
[Site "Istanbul TUR"]
[Date "2012.09.01"]
[Round "5.19"]
[White "Kvon, Andrey"]
[Black "Zaibi, Amir"]
[Result "1-0"]
[WhiteTitle "IM"]
[BlackTitle "CM"]
[WhiteElo "2492"]
[BlackElo "2214"]
[WhiteTeam "Uzbekistan"]
[BlackTeam "Tunisia"]
[WhiteFideId "14201356"]
[BlackFideId "5500796"]
[EventDate "2012.08.28"]

1. Nf3 Nf6 2. c4 g6 3. g3 Bg7 4. Bg2 O-O 5. Nc3 d5 6. cxd5 Nxd5 7. O-O Nb6 8. d3
c6 9. Be3 Na6 10. Qd2 Re8 11. Bh6 Bh8 12. Rad1 Nc5 13. d4 Nca4 14. Nxa4 Nxa4 15.
Qc2 Nb6 16. h3 Qd5 17. Ne5 Qxa2 18. Ra1 Qe6 19. f4 Bxe5 20. fxe5 Qc4 21. Qd2 Be6
22. Rfc1 Qb5 23. Ra5 Qb3 24. Ra3 Qb5 25. Rc5 Qxc5 26. dxc5 Nc4 27. Qb4 Nxa3 28.
bxa3 Rab8 29. Bg5 Kf8 30. Qh4 h5 31. g4 Rbd8 32. gxh5 Kg8 33. Bxe7 Rd1+ 34. Kf2
Bd5 35. Bxd5 Rxd5 36. hxg6 fxg6 37. Qf6 1-0

[Event "40th Olympiad Open"]
[Site "Istanbul TUR"]
[Date "2012.09.01"]
[Round "5.19"]
[White "Boudriga, Med Ali"]
[Black "Khamrakulov, Djurabek"]
[Result "1-0"]
[BlackTitle "IM"]
[WhiteElo "2191"]
[BlackElo "2454"]
[WhiteTeam "Tunisia"]
[BlackTeam "Uzbekistan"]
[WhiteFideId "5500460"]
[BlackFideId "14201143"]
[EventDate "2012.08.28"]

1. e4 c5 2. Nf3 d6 3. d4 Nf6 4. Nc3 cxd4 5. Nxd4 a6 6. Bg5 e6 7. f4 Be7 8. Qf3
Nbd7 9. O-O-O Qc7 10. g4 b5 11. Bxf6 Nxf6 12. g5 Nd7 13. f5 Nc5 14. f6 gxf6 15.
gxf6 Bf8 16. Rg1 Bb7 17. Bh3 b4 18. Nd5 exd5 19. exd5 Qa5 20. Kb1 h5 21. Rg7 b3
22. axb3 Bxg7 23. fxg7 Rg8 24. b4 Qxb4 25. c3 Qc4 26. Re1+ Ne6 27. Nxe6 Bxd5 28.
Nc7+ Kd8 29. Nxd5 1-0

[Event "40th Olympiad Open"]
[Site "Istanbul TUR"]
[Date "2012.09.01"]
[Round "5.20"]
[White "Dervishi, Erald"]
[Black "Solak, Dragan"]
[Result "1/2-1/2"]
[WhiteTitle "GM"]
[BlackTitle "GM"]
[WhiteElo "2538"]
[BlackElo "2599"]
[WhiteTeam "Albania"]
[BlackTeam "Turkey"]
[WhiteFideId "4700236"]
[BlackFideId "916811"]
[EventDate "2012.08.28"]

1. e4 c6 2. d4 d5 3. Nc3 dxe4 4. Nxe4 Bf5 5. Ng3 Bg6 6. h4 h6 7. Nf3 Nd7 8. h5
Bh7 9. Bd3 Bxd3 10. Qxd3 e6 11. Bf4 Qa5+ 12. Bd2 Bb4 13. c3 Bd6 14. c4 Qc7 15.
Ne4 Ngf6 16. g3 Nxe4 17. Qxe4 Nf6 18. Qe2 O-O 19. O-O-O Rfe8 20. Kb1 c5 21. Bc3
Rad8 22. Ne5 cxd4 23. Bxd4 Bxe5 24. Bxe5 Qc6 25. f3 Rxd1+ 26. Rxd1 Nxh5 27. Rh1
f6 28. Rxh5 fxe5 29. Rxe5 Kf7 30. a3 Rd8 31. f4 Rd4 32. c5 Qd7 33. Qf3 Rd3 34.
Re3 Rxe3 35. Qxe3 Qd1+ 36. Ka2 Qd5+ 37. b3 Kf6 38. Kb2 e5 39. Kc3 exf4 40. Qxf4+
Ke6 41. Qg4+ Ke5 1/2-1/2

[Event "40th Olympiad Open"]
[Site "Istanbul TUR"]
[Date "2012.09.01"]
[Round "5.20"]
[White "Ipatov, Alexander"]
[Black "Pasku, Llambi"]
[Result "1-0"]
[WhiteTitle "GM"]
[WhiteElo "2577"]
[BlackElo "2061"]
[WhiteTeam "Turkey"]
[BlackTeam "Albania"]
[WhiteFideId "14116731"]
[BlackFideId "4700570"]
[EventDate "2012.08.28"]

1. c4 Nf6 2. g3 g6 3. Bg2 Bg7 4. Nc3 d6 5. d4 O-O 6. e3 Nc6 7. Nge2 e5 8. b3 Re8
9. O-O Bf5 10. d5 Ne7 11. e4 Bc8 12. Rb1 Nd7 13. b4 a5 14. a3 b6 15. h3 f5 16.
exf5 gxf5 17. Nb5 Ng6 18. Rb3 axb4 19. axb4 Ba6 20. Qc2 Rf8 21. f4 Bxb5 22. cxb5
exf4 23. Nxf4 Nxf4 24. Bxf4 Ra7 25. Bd2 Ne5 26. Rxf5 Qd7 27. Rxf8+ Bxf8 28. Re3
Bg7 29. Kh2 Ra8 30. Rc3 Rc8 31. Bf4 Qxb5 32. Rxc7 Rxc7 33. Qxc7 Qxb4 34. Qc8+
Kf7 35. Qe6+ Kf8 36. Bg5 Ng6 37. h4 h6 38. Bd8 Nf4 39. Qe7+ Kg8 40. Qe8+ Bf8 41.
Be7 1-0